00566cam a2200205 i 450000100060000000300080000600500170001400800390003103500190007004000320008904100080012108200150012910000210014424500320016526000440019730000350024150400490027665000140032570000210033914005BD-RjUL20211208235544.0140203s1974 caua b 001 0 eng a(BD-RjUL)14057 aDLCcDLCdDLCdBD-RjULbeng aeng00a658.4bGLI1 aGlos, Raymond E.10aIntroduction to business / aBeverly Hills :bGlencoe Press,cc1947. aviii, 730 p. :bill. ;c26 cm. aIncludes Bibliography: p. 528-536 and index. 0aBusiness.1 aBaker, Harold A.